000 00633nam a22002417a 4500
003 UA-OsUOA
001 20270
007 ta
008 20031020b un ||||| |||| 00| 0 ukr d
100 _aДиков Н. Н.
090 _a903.27(571.651)
_bД45
942 _cBK
040 _aUA-OsUOA
_brus
_cUA-OsUOA
_dUA-OsUOA
245 _aНаскальные загадки древней Чукотки: Петроглифы, пегтымеля
300 _a130 с.
955 _a0
041 _arus
080 _a903.27(571.651)
260 _aМосква
_bНаука
_c1971
044 _aRU
650 7 _2UDC
999 _c306445
_d306445